000 00785cab a2200217 4500
001 X84053
008 090401t1997 xxu||||| |||| 00| 0 eng d
035 _a(Sirsi) u78441
041 _aeng
245 _aChristopher Moran Holdings Limited v Vivian Murray Bairstow and Nigel Ruddock
260 _c1997
350 _a0
490 _aNew Property Cases
_v[1997] NPC 68
520 _aCA 1 May 1997. A corporate tenant who faces rent problems and who goes into voluntary liquidation has to pay the landlord what he has lost. (Headnote taken from journal) NB. NO PHOTOCOPYING ALLOWED.
650 _aINSOLVENCY ACT 1986 S178
650 _aRENT
650 _aVOLUNTARY LIQUIDATION
690 _aLANDLORD AND TENANT-CASE LAW-BUSINESS TENANCIES
942 _n0
948 _c20/05/1997
999 _c49351
_d49351